| 000 | 00521nam a22001817a 4500 | ||
|---|---|---|---|
| 005 | 20170322111157.0 | ||
| 010 | _aENG-117513 | ||
| 020 |
_a9789385755309 _c499.00 |
||
| 035 | _aEN-101045 | ||
| 037 | _bDBAD/PUB | ||
| 082 | _aN | ||
| 100 | _aPamuntjak, Laksmi | ||
| 245 |
_aAmba : _cby Laksmi Pamuntjak _bthe question of red .a novel. / |
||
| 260 |
_aDelhi _bSpeaking Tiger Publishing _c2013 |
||
| 270 |
_a4381/4, Ansari Road Daryaganj _bDelhi _e110002 |
||
| 300 |
_aix,414p. _b21cm(pbk) |
||
| 942 |
_2ddc _cEN _hN _mPAM |
||
| 999 |
_c138316 _d138316 |
||